| 000 | 00659nam a2200217 a 4500 | ||
|---|---|---|---|
| 001 | 8260 | ||
| 003 | CO-ViMGA | ||
| 008 | 141112s2004 ck r 000 u spa d | ||
| 020 | _a9586481425 | ||
| 040 |
_aCO-ViMGA _bspa _cCO-ViMGA |
||
| 082 | 0 | 4 | _a005.369 R65wo |
| 100 | 1 |
_aRomero Callejas, Zunilda _98097 |
|
| 245 | 1 | 0 |
_aWord 6.0 : _bfundamentos / _cRomero Callejas Zunilda |
| 260 |
_aBogotá, _cEcoe, _c1997 |
||
| 300 | _a52 p. | ||
| 490 | _aCuadernos de informatica | ||
| 590 | _aForma de adquisición : donacion - - Proveedor : Biblioteca Luis Ángel Arango | ||
| 650 | 1 | 4 |
_aprocesadores de palabra _98098 |
| 650 | 1 | 4 |
_aWord 6.0 _98099 |
| 942 |
_2ddc _cBK |
||
| 999 |
_c20069 _d20069 |
||